Maxime Quiz - Statistics

General Stats
  • This quiz has been taken 9 times
  • The average score is 17 of 19
Answer Stats
Hint Answer % Correct
Hovězí s brokolicí (translate to english) Beef with brocolli
100%
Israel or Palestine Both
100%
C Cestina
100%
C Czechia
100%
Country Czechia
100%
Define Jidlo Food
100%
H Henry
100%
J Jidlo
100%
JA Jidlo Asia
100%
Best food Kung Pao
100%
Best food 2 Large rolls
100%
Best Guy!!! Maxime
100%
Location Old City Prague
100%
what to eat Pasta
100%
Best Food 3 Pho
100%
Store Restaurant
100%
Oil used Olive oil
50%
Food Arriving Sushi Platter
50%
Best food 4 Fried Rice
0%
No matching quizzes found
Score Distribution
Percent of People with Each Score
Percentile by Number Answered
Your Score History
You have not taken this quiz